<?xml version="1.0" encoding="UTF-8"?><?xml-stylesheet type="text/xsl" href="static/style.xsl"?><OAI-PMH xmlns="http://www.openarchives.org/OAI/2.0/" xmlns:xsi="http://www.w3.org/2001/XMLSchema-instance" xsi:schemaLocation="http://www.openarchives.org/OAI/2.0/ http://www.openarchives.org/OAI/2.0/OAI-PMH.xsd"><responseDate>2026-04-17T14:15:09Z</responseDate><request verb="GetRecord" identifier="oai:www.recercat.cat:20.500.12367/2613" metadataPrefix="marc">https://recercat.cat/oai/request</request><GetRecord><record><header><identifier>oai:recercat.cat:20.500.12367/2613</identifier><datestamp>2026-02-18T08:57:13Z</datestamp><setSpec>com_2072_484362</setSpec><setSpec>col_2072_484364</setSpec></header><metadata><record xmlns="http://www.loc.gov/MARC21/slim" xmlns:dcterms="http://purl.org/dc/terms/" xmlns:xsi="http://www.w3.org/2001/XMLSchema-instance" xmlns:doc="http://www.lyncode.com/xoai" xsi:schemaLocation="http://www.loc.gov/MARC21/slim http://www.loc.gov/standards/marcxml/schema/MARC21slim.xsd">
   <leader>00925njm 22002777a 4500</leader>
   <datafield ind2=" " ind1=" " tag="042">
      <subfield code="a">dc</subfield>
   </datafield>
   <datafield ind2=" " ind1=" " tag="720">
      <subfield code="a">Huertas, Ariadna</subfield>
      <subfield code="e">author</subfield>
   </datafield>
   <datafield ind2=" " ind1=" " tag="720">
      <subfield code="a">Dobrowolska, Beata</subfield>
      <subfield code="e">author</subfield>
   </datafield>
   <datafield ind2=" " ind1=" " tag="260">
      <subfield code="c">2024</subfield>
   </datafield>
   <datafield ind2=" " ind1=" " tag="520">
      <subfield code="a">Antecedents&#xd;
La introducció de la tecnologia mòbil en l'educació en entorns de pràctica clínica té el potencial&#xd;
de millorar l'experiència d'aprenentatge, millorar la retenció de coneixements i desenvolupar&#xd;
habilitats clíniques, alhora que proporciona una solució rendible per als programes d'educació&#xd;
en la pràctica clínica. No obstant això, el procés d'aprenentatge en entorns clínics implica&#xd;
diversos actors com tutors, supervisors, professors i estudiants, i durant aquest complex procés,&#xd;
les tasques i tutories s'han de fer de manera sincronitzada amb els processos educatius i cínics. [...]</subfield>
   </datafield>
   <datafield ind1="8" ind2=" " tag="024">
      <subfield code="a">https://hdl.handle.net/20.500.12367/2613</subfield>
   </datafield>
   <datafield tag="653" ind2=" " ind1=" ">
      <subfield code="a">Tecnologia mòbil, pràctica clínica, educació</subfield>
   </datafield>
   <datafield ind2="0" ind1="0" tag="245">
      <subfield code="a">Informe 1 sobre factors clau per a una digitalització reeixida de l'aprenentatge basat en la pràctica en l'educació superior sanitària</subfield>
   </datafield>
</record></metadata></record></GetRecord></OAI-PMH>